Proyecto de arreglo del Ministerio de Fomento, presentado al Excmo. Sr. Ministro del ramo / (Record no. 161655)

MARC details
000 -LEADER
campo de control de longitud fija 00709nam a2200169 i 4500
001 - NÚMERO DE CONTROL
campo de control 161655
003 - IDENTIFICADOR DE NÚMERO DE CONTROL
campo de control ES-MaACL
005 - FECHA Y HORA DE LA ÚLTIMA TRANSACCIÓN
campo de control 20230906212331.0
008 - DATOS DE LONGITUD FIJA--INFORMACIÓN GENERAL
campo de control de longitud fija 041022s1855 sp |||| | spa d
100 1# - ENTRADA PRINCIPAL--NOMBRE DE PERSONA
Nombre de persona Pellón y Rodríguez, Julián.
9 (RLIN) 223517
245 10 - MENCIÓN DEL TÍTULO
Título Proyecto de arreglo del Ministerio de Fomento, presentado al Excmo. Sr. Ministro del ramo /
Mención de responsabilidad, etc. por Julián Pellón y Rodríguez.
260 ## - PUBLICACIÓN, DISTRIBUCIÓN, ETC.
Lugar de publicación, distribución, etc. Madrid :
Nombre del editor, distribuidor, etc. [s.n.],
Fecha de publicación, distribución, etc. 1855 (
Fabricante Imp. del Agente Industrial Minero, a cargo de Vicente Maldonado)
300 ## - DESCRIPCIÓN FÍSICA
Extensión 16 p. ;
Dimensiones 22 cm.
610 14 - PUNTO DE ACCESO ADICIONAL DE MATERIA--NOMBRE DE ENTIDAD CORPORATIVA
Nombre de entidad corporativa o nombre de jurisdicción como elemento de entrada España.
Unidad subordinada Ministerio de Fomento.
9 (RLIN) 3868
852 ## - LOCALIZACIÓN
Ubicación ES-MaACL
Número de control de estantería T-547-F-7
Nota libre - Enc. hol.
condición física - Falto de cub. original
Nota libre - Enc. en un vol. facticio
Holdings
Estatus retirado Estado de pérdida Estado de daño No para préstamo Colección Biblioteca de origen Biblioteca actual Ubicación en estantería Fecha de adquisición Total de préstamos Signatura topográfica completa Código de barras Visto por última vez Precio de reemplazo Tipo de ítem Koha
        Colección de folletos Biblioteca del Ateneo de Madrid Biblioteca del Ateneo de Madrid Depósito folletos 17/01/2008   T-547-F-7 1169334 23/02/2023 23/02/2023 Folleto